| 000 -CABECERA |
| Longitud fija campo de control |
00934nam a22002057a 4500 |
| 003 - IDENTIFICADOR DEL NÚMERO DE CONTROL |
| Identificador del número de control |
OSt |
| 005 - FECHA Y HORA DE LA ÚLTIMA TRANSACCIÓN |
| Fecha y hora de la última transacción |
20130522130541.0 |
| 008 - CÓDIGOS DE INFORMACIÓN DE LONGITUD FIJA |
| Códigos de información de longitud fija |
130522s1996 ||||| |||| 00| 0 eng d |
| 040 ## - FUENTE DE LA CATALOGACIÓN |
| Centro transcriptor |
CDMR |
| 245 ## - MENCIÓN DE TÍTULO |
| Título |
Prime time for children |
| Resto del título |
: media, ethics and reporting of commercial sexual exploitation |
| Mención de responsabilidad, etc. |
prepared by Kate Holman and Aidan White ; International Federation of Journalists |
| 260 ## - PUBLICACIÓN, DISTRIBUCIÓN, ETC. (PIE DE IMPRENTA) |
| Lugar de publicación, distribución, etc. |
Stockholm |
| Fecha de publicación, distribución, etc. |
1996 |
| 500 ## - NOTA GENERAL |
| Nota general |
Ponència per al World Congress on Commercial Sexual Exploitation of Children, August 27-31 1996, Stockholm |
| 650 04 - PUNTO DE ACCESO ADICIONAL DE MATERIA - TÉRMINO DE MATERIA |
| 9 (RLIN) |
3487 |
| Término de materia o nombre geográfico como elemento inicial |
Mitjans de comunicació de massa i infants |
| 650 04 - PUNTO DE ACCESO ADICIONAL DE MATERIA - TÉRMINO DE MATERIA |
| 9 (RLIN) |
3195 |
| Término de materia o nombre geográfico como elemento inicial |
Drets humans |
| 700 1# - PUNTO DE ACCESO ADICIONAL - NOMBRE DE PERSONA |
| 9 (RLIN) |
1894 |
| Nombre de persona |
Holman, Kate |
| 700 1# - PUNTO DE ACCESO ADICIONAL - NOMBRE DE PERSONA |
| 9 (RLIN) |
3206 |
| Nombre de persona |
White, Aidan |
| 710 2# - PUNTO DE ACCESO ADICIONAL - NOMBRE DE ENTIDAD |
| 9 (RLIN) |
997 |
| Nombre de entidad o nombre de jurisdicción como elemento inicial |
International Federation of Journalists |
| 856 40 - LOCALIZACIÓN Y ACCESO ELECTRÓNICO |
| Identificador Uniforme del Recurso (URI) |
<a href="http://www.csecworldcongress.org/PDF/en/Stockholm/Background_reading/Theme_papers/Theme%20paper%20Media%201996_EN.pdf">http://www.csecworldcongress.org/PDF/en/Stockholm/Background_reading/Theme_papers/Theme%20paper%20Media%201996_EN.pdf</a> |
| Texto del enlace |
Disponible en línia (pdf) |
| 942 ## - ENTRADA DE ELEMENTOS AGREGADOS (KOHA) |
| Fuente de clasificaión o esquema |
|
| Koha [por defecto] tipo de item |
Ponències / Comunicacions |